1 Minute Sprint - Biggest Football Stadiums in Europe - Statistics

General Stats
  • This quiz has been taken 13 times
  • The average score is 6 of 20
Answer Stats
Country Stadium Capacity % Correct
Spain Camp Nou 105,000
91%
UK Wembley Stadium 90,652
91%
UK Old Trafford 74,431
82%
Spain Santiago Bernabéu 83,186
73%
France Stade de France 80,698
64%
Germany Allianz Arena 75,024
45%
Italy San Siro 80,018
45%
Germany Olympiastadion Berlin 74,461
27%
UK London Stadium 68,013
18%
Hungary Puskás Aréna 67,155
18%
France Stade Vélodrome 67,394
18%
Greece Athens Olympic Stadium (OAKA) 72,080
9%
Portugal Estadio da Luz 64,642
9%
Ukraine NSC Olimpiyskiy 70,050
9%
Germany Signal Iduna Park(Westfalenstadion) 81,365
9%
Italy Stadio Olimpico 67,585
9%
Türkiye Atatürk Olympic Stadium 77,563
0%
UK Principality Stadium (Millennium Stadium) 73,952
0%
Russia Luzhniki Stadium 78,011
0%
Spain Metropolitano Stadium 70,460
0%
No matching quizzes found
Score Distribution
Percent of People with Each Score
Percentile by Number Answered
Your Score History
You have not taken this quiz